|
|
|
|
| LEADER |
00000nam a2200000 4500 |
| 001 |
vtls012237718 |
| 003 |
SK-MaSNL |
| 005 |
20260302052147.0 |
| 008 |
230822t1809 fr a r 00| 0 fre |
| 015 |
|
|
|a SNBHFA1809
|
| 040 |
|
|
|a SNKHF
|b slo
|c SNK
|e rda
|
| 041 |
|
|
|a fre
|
| 044 |
|
|
|a fr
|c FR
|
| 072 |
|
7 |
|a 82.0
|x Literatúra (teória)
|2 konspekt
|
| 080 |
|
|
|a 82(091)
|2 2011
|
| 100 |
1 |
|
|a Fantin-Desodoards, Antoine-Etienne-Nicolas,
|d 1738-1820
|4 aut
|9 552165
|
| 245 |
1 |
0 |
|a Tableau Des Litterateurs Francois,
|b Vivans En 1808, le lieu et l'époque de leur Naissance, leurs Productions les plus estimées. Par E. N. F. D. S.
|n Deuxière Partie
|
| 264 |
|
3 |
|a Paris
|b Librairie De A. G. Debray, Éditeur, Rue Saint-Honoré, Vis-A-Vis Celle Du Coq
|c 1809
|
| 300 |
|
|
|a 255 strán
|c 15 cm
|
| 336 |
|
|
|a text
|b txt
|2 rdacontent
|
| 337 |
|
|
|a bez média
|b n
|2 rdamedia
|
| 338 |
|
|
|a zväzok
|b nc
|2 rdacarier
|
| 500 |
|
|
|a Ozdobné rámčeky a ozdobné linky
|
| 563 |
|
|
|a Väzba pôvodná, kožená.
|5 SNK ID 102162/2
|
| 650 |
0 |
7 |
|a literárna história
|2 SNKPH
|9 1136
|
| 700 |
1 |
|
|a Debray, Nicolas-Amable-Germain,
|d 1756-1830
|4 prt
|9 552166
|
| 710 |
0 |
|
|a Debray, Nicolas-Amable-Germain (Paríž, Francúzsko)
|4 prt
|9 552167
|
| 752 |
|
|
|a Francúzsko
|d Paríž
|
| 852 |
|
|
|a snk
|b Aponiovská knižnica
|p ID 102162/2
|
| 958 |
|
|
|a DF
|
| 958 |
|
|
|a ONDV
|
| 999 |
|
|
|c 1104039
|d 1105969
|
| 952 |
|
|
|t Op. III/11
|a SNK
|b SNK
|c SNK_HF
|y PREZ
|7 0
|p 17A1484646
|o snkID 102162/2
|i snk2023/12375
|8 5
|0 0
|1 0
|4 0
|d 2023-08-22
|l 0
|r 2026-02-24 17:40:37
|w 2026-02-24
|